000 00684nam a2200229 a 4500
008 951122s1986||||[C 0 slo c
020 _c28 Kčs.
_q(5600 výtl.)
040 _aSNK
_bslo
_cSNK
_eAACR2
041 1 _aslo
_hrus
044 _axo
_cSK
080 _a882-3
100 1 _aDangulov, Savva
_4aut
245 1 0 _aRanná omša v Rapalle
_cSavva Dangulov ; Zuzana Borovská, Zuzana Chmelová
250 _a1., vyd.
260 _aBratislava
_bPravda
_c1986
_eBratislava
_fPravda
300 _a245 s., 13,76 AH
_c20 cm
490 0 _aČlenská knižnica Pravda
500 _aIlustr. na front.
700 1 _aBorovská, Zuzana
_4trl
700 1 _aChmelová, Zuzana
_4bkd
958 _aA
999 _c10381
_d10381